Significado y propósito de la geografía
Gorde:
| Egile Nagusiak: | , |
|---|---|
| Formatua: | Liburua |
| Hizkuntza: | gaztelania |
| Argitaratua: |
Buenos Aires
Nova
1957
|
| Saila: | Compendios Nova de Iniciación Cultural, 6
|
| Gaiak: | |
| Etiketak: |
Etiketa erantsi
Etiketarik gabe, Izan zaitez lehena erregistro honi etiketa jartzen!
|
MARC
| LEADER | 00000nam a2200000 a 4500 | ||
|---|---|---|---|
| 001 | UCU0984 | ||
| 003 | CL-VaPUC | ||
| 008 | 960329e19570000AG |||||||||||||||||spa|d | ||
| 082 | 0 | 4 | |a 910 |b WOO |2 21 |
| 100 | 0 | |a Wooldridge, S. W |e author |9 356528 | |
| 700 | 0 | |a East, W. Gordon |e author |9 356529 | |
| 245 | 1 | 0 | |a Significado y propósito de la geografía |
| 300 | |a 197 p | ||
| 942 | |c BK | ||
| 945 | |d 19960329 00:00:00 |a lriquelm | ||
| 260 | |a Buenos Aires |b Nova |c 1957 | ||
| 650 | 0 | |a Ciencias de la tierra |9 261541 | |
| 650 | 0 | |a Geografía |9 259346 | |
| 650 | 0 | |a Geografía física |9 259347 | |
| 650 | 7 | |a GEOGRAFIA ECONOMIA |2 CL-VaPUC |9 356530 | |
| 650 | 0 | |a Geografía histórica |9 267532 | |
| 650 | 0 | |a Geografía política |9 268296 | |
| 583 | |a last modification |c 19960329 00:00:00 |k Rodrigo Vera | ||
| 490 | 0 | |a Compendios Nova de Iniciación Cultural, 6 | |
| 999 | |c 245757 |d 245755 | ||
| 952 | |0 0 |1 0 |4 0 |6 910_000000000000000_WOO_1957 |7 0 |8 P |9 260351 |a BIBEDU |b BIBEDU |d 2019-11-19 |i 1639862 |o 910 WOO 1957 |p 1639862 |r 2019-11-19 |w 2019-11-19 |y BK |k EDU | ||